| 000 | 00786nam a2200277Ia 4500 | ||
|---|---|---|---|
| 001 | Para_2170 | ||
| 003 | CHAP | ||
| 008 | 220125s1986 xx 000 0 und d | ||
| 010 | _a198755 | ||
| 040 | _cCHAP | ||
| 082 | _aPA 633.11 W5y 1987 | ||
| 100 |
_aWiese, M.V. _9121853 |
||
| 245 |
_aCompendio de enfermedades del trigo / _c por M.V. Wiese |
||
| 260 |
_aBuenos Aires : _b Hemisferio sur |
||
| 300 | _a155 p. | ||
| 500 | _aTrad. del inglés: Compendium of wheat diseases | ||
| 650 |
_aTrigo _x enfermedades _9115017 |
||
| 710 |
_aAmerican Phytopathological Society _95265 |
||
| 901 | _aPA 633.11 W5Y 1987 | ||
| 902 | _aA | ||
| 905 | _a0000001986 a 0000000000 00 | ||
| 910 | _a1986 | ||
| 942 | _cPARA | ||
| 942 |
_cPARA _d1 |
||
| 999 |
_c198755 _d198755 |
||